| 000 | 00449pab a2200169 454500 | ||
|---|---|---|---|
| 008 | 180718b2011 xxu||||| |||| 00| 0 eng d | ||
| 100 | _aWan, Poe Yu-Ze | ||
| 245 | _aEmergence a la systems theory: Epistemological totalausschluss or ontological novelty? | ||
| 260 | _c2011 | ||
| 300 | _ap.178-210. | ||
| 362 | _aJun | ||
| 650 | _aOntology | ||
| 650 | _aEpistemology | ||
| 773 | _aPhilosophy of Social Sciences | ||
| 908 | _aN | ||
| 909 | _a91615 | ||
| 999 |
_c91615 _d91615 |
||